000
00322nam a2200145Ia 4500
008
230718s9999 xx 000 0 und d
041
_a
Eng.
082
_a
342.01
_b
BRA-H
100
_a
Brarch R.
245
0
_a
How did it begin
260
_a
Pakistan
_b
Iynron Press
_c
1985
300
_a
352
650
_a
Law
999
_c
29930
_d
29930